[Event "36. Copenhagen Open (Politiken Cup)"]
[Site "Elsinore"]
[Date "2014.07.28"]
[Round "9"]
[White "Nielsen, Lars Aaes"]
[Black "Jacobsen, Fredrik Beer"]
[Result "1-0"]
[WhiteElo "2257"]
[BlackElo "2012"]
[PlyCount "163"]
[EventDate "2014.07.21"]
[EventType "swiss"]
[EventRounds "10"]
[EventCountry "DEN"]
[Source "ChessBase"]
[SourceDate "2014.08.29"]

1. e4 c5 2. c3 d5 3. exd5 Qxd5 4. d4 Nc6 5. Nf3 Bg4 6. Be2 cxd4 7. cxd4 e6 8.
O-O Nf6 9. h3 Bh5 10. Nc3 Qa5 11. a3 Be7 12. Be3 Nd5 13. Ne4 O-O 14. b4 Qd8 15.
Qb3 f5 16. Nc5 Bxc5 17. dxc5 f4 18. Bd2 Bxf3 19. Bxf3 Nd4 20. Qd1 Nxf3+ 21.
Qxf3 Qf6 22. Rfe1 Rad8 23. Rad1 Rfe8 24. Bc1 Kf7 25. Rd2 Qc3 26. Qxc3 Nxc3 27.
Rxd8 Rxd8 28. Bxf4 Rd3 29. Be5 Nd5 30. b5 Rxa3 31. c6 bxc6 32. bxc6 Ra5 33. Rc1
Ne7 34. f4 g6 35. c7 Nc8 36. Kf2 Rd5 37. g4 Ke7 38. Ke3 Kd7 39. Ke4 Rd2 40. h4
Rh2 41. Rd1+ Kc6 42. Kf3 h5 43. gxh5 gxh5 44. Rd8 Kb7 45. Kg3 Rc2 46. Rh8 a5
47. Rxh5 a4 48. f5 exf5 49. Rxf5 a3 50. Rf3 a2 51. Ra3 Ne7 52. h5 Rc5 53. Kf4
Nd5+ 54. Kg4 Nb4 55. Bd6 Rc4+ 56. Kg5 Rc1 57. Be5 Rc5 58. Kf6 Nd5+ 59. Kf5 Ne3+
60. Kf4 Rxe5 61. Kxe5 Nc4+ 62. Ke6 Nxa3 63. Kd7 a1=Q 64. c8=Q+ Ka7 65. Qc5+ Kb7
66. Qd5+ Kb6 67. h6 Qh8 68. Qe6+ Kb7 69. Qb3+ Ka6 70. Qxa3+ Kb5 71. Qb3+ Ka5
72. Qd5+ Ka4 73. Qe4+ Ka5 74. h7 Qg7+ 75. Ke6 Qh6+ 76. Ke5 Qh2+ 77. Kd5 Qh5+
78. Kd4 Qd1+ 79. Ke5 Qh5+ 80. Qf5 Qh2+ 81. Kf6+ Kb6 82. Kg7 1-0

[Event "36. Copenhagen Open (Politiken Cup)"]
[Site "Elsinore"]
[Date "2014.07.28"]
[Round "9"]
[White "Nielsen, Leo"]
[Black "Christenson, Bjorn Aa"]
[Result "1-0"]
[WhiteElo "1737"]
[BlackElo "1931"]
[PlyCount "125"]
[EventDate "2014.07.21"]
[EventType "swiss"]
[EventRounds "10"]
[EventCountry "DEN"]
[Source "ChessBase"]
[SourceDate "2014.08.29"]

1. e4 e5 2. Nf3 Nc6 3. d4 exd4 4. Nxd4 Bc5 5. Nxc6 bxc6 6. Bc4 Qh4 7. O-O d6 8.
Be3 Bb6 9. Bxb6 axb6 10. f4 Ne7 11. Nc3 O-O 12. Qe1 Qh5 13. Bd3 f5 14. e5 d5
15. Ne2 c5 16. Rf3 Be6 17. Rh3 Qg4 18. Rg3 Qh5 19. Rh3 Qf7 20. c3 c4 21. Bc2 c5
22. Qh4 h6 23. Rg3 Kh8 24. a3 Rad8 25. Rd1 b5 26. Rf3 Nc6 27. Qf2 Qe7 28. h3
Rd7 29. b4 cxb4 30. axb4 Ra7 31. Nd4 Nxd4 32. Qxd4 Rfa8 33. Bb1 Ra3 34. Qf2 Qa7
35. Qxa7 R8xa7 36. Rc1 Rb3 37. Bc2 Rb2 38. Rf2 Raa2 39. Re2 Kg8 40. Kf2 Kf7 41.
Ke3 g5 42. g3 Ra8 43. Rf1 Ra3 44. Kd4 Raa2 45. Rff2 gxf4 46. gxf4 Ra8 47. Bd1
Rb1 48. Re1 Ke7 49. Ref1 Bf7 50. Bf3 Rb3 51. Rc1 Rba3 52. Rd2 Rc8 53. Rcc2 Rca8
54. Bxd5 Bxd5 55. Kxd5 Rd8+ 56. Kc5 Rb8 57. Rd6 Ra7 58. Rg2 Kf7 59. Rgg6 h5 60.
Rg5 Rc7+ 61. Kd4 Rbb7 62. Rxf5+ Kg7 63. Rxh5 1-0

[Event "36. Copenhagen Open (Politiken Cup)"]
[Site "Elsinore"]
[Date "2014.07.28"]
[Round "9"]
[White "Nielsen, Morten"]
[Black "Dahl, Steve"]
[Result "1-0"]
[WhiteElo "1970"]
[BlackElo "1802"]
[PlyCount "49"]
[EventDate "2014.07.21"]
[EventType "swiss"]
[EventRounds "10"]
[EventCountry "DEN"]
[Source "ChessBase"]
[SourceDate "2014.08.29"]

1. e4 e6 2. d4 d5 3. Nd2 Nf6 4. e5 Nfd7 5. Bd3 c5 6. c3 Nc6 7. Ne2 cxd4 8. cxd4
f6 9. exf6 Nxf6 10. O-O Bd6 11. Nf3 Qc7 12. Nc3 a6 13. a3 O-O 14. Bc2 b5 15.
Re1 Bd7 16. h3 Rae8 17. Bg5 Bc8 18. Qd2 h6 19. Bxf6 Rxf6 20. Nxd5 exd5 21.
Rxe8+ Kf7 22. Rae1 Rxf3 23. gxf3 Bh2+ 24. Kg2 Qd7 25. R1e6 1-0

[Event "36. Copenhagen Open (Politiken Cup)"]
[Site "Elsinore"]
[Date "2014.07.28"]
[Round "9"]
[White "Nielsen, Palle"]
[Black "Nilssen, Ellen Fredericia"]
[Result "1/2-1/2"]
[WhiteElo "1771"]
[BlackElo "1646"]
[PlyCount "28"]
[EventDate "2014.07.21"]
[EventType "swiss"]
[EventRounds "10"]
[EventCountry "DEN"]
[Source "ChessBase"]
[SourceDate "2014.08.29"]

1. d4 e6 2. Nf3 d5 3. Nbd2 Be7 4. c4 Nf6 5. c5 c6 6. b4 a5 7. Qa4 b6 8. Qa3 a4
9. Ne5 Bb7 10. Qg3 O-O 11. e3 Nbd7 12. f4 Ne4 13. Qf3 f5 14. Nxd7 Qxd7 1/2-1/2

[Event "36. Copenhagen Open (Politiken Cup)"]
[Site "Elsinore"]
[Date "2014.07.28"]
[Round "9"]
[White "Nilssen, John Arni"]
[Black "Eckhardt, Lars H"]
[Result "1/2-1/2"]
[WhiteElo "2322"]
[BlackElo "2072"]
[PlyCount "76"]
[EventDate "2014.07.21"]
[EventType "swiss"]
[EventRounds "10"]
[EventCountry "DEN"]
[Source "ChessBase"]
[SourceDate "2014.08.29"]

1. d4 d5 2. c4 dxc4 3. Nf3 Nf6 4. e3 e6 5. Bxc4 c5 6. O-O a6 7. dxc5 Bxc5 8.
Qxd8+ Kxd8 9. Nbd2 Nc6 10. Be2 Ke7 11. Ne1 Rd8 12. Nd3 Bb6 13. b3 e5 14. Rd1
Bf5 15. Nc4 Bc7 16. Ba3+ Ke8 17. Bb2 Bxd3 18. Bxd3 b5 19. Na3 Nb4 20. Be2 Rxd1+
21. Rxd1 Rd8 22. Rc1 Bb8 23. Nxb5 axb5 24. Bxb5+ Ke7 25. a4 Nd3 26. Ba3+ Bd6
27. Rc7+ Kf8 28. Bxd6+ Rxd6 29. Bc4 Nd7 30. g3 e4 31. a5 N7e5 32. Bb5 Nf3+ 33.
Kf1 Rf6 34. a6 Nd2+ 35. Kg1 Nf3+ 36. Kf1 Nd2+ 37. Kg1 Nf3+ 38. Kf1 Nd2+ 1/2-1/2

[Event "36. Copenhagen Open (Politiken Cup)"]
[Site "Elsinore"]
[Date "2014.07.28"]
[Round "9"]
[White "Nilsson, Carl Axel"]
[Black "Bremer, Erik"]
[Result "1-0"]
[WhiteElo "1696"]
[BlackElo "1498"]
[PlyCount "47"]
[EventDate "2014.07.21"]
[EventType "swiss"]
[EventRounds "10"]
[EventCountry "DEN"]
[Source "ChessBase"]
[SourceDate "2014.08.29"]

1. e4 c5 2. Nf3 d6 3. d4 cxd4 4. Nxd4 Nf6 5. Nc3 a6 6. Bg5 e6 7. f4 h6 8. Bh4
Qb6 9. Qd2 Bd7 10. O-O-O Nc6 11. h3 O-O-O 12. Bf2 Qc7 13. Nb3 Be7 14. g4 d5 15.
e5 Ne8 16. Na4 Bb4 17. c3 Ba5 18. Nxa5 Nxa5 19. Bb6 Nb3+ 20. axb3 Qc6 21. Bxd8
Kxd8 22. Qd4 Nc7 23. Qb6 d4 24. Qxc6 1-0

[Event "36. Copenhagen Open (Politiken Cup)"]
[Site "Elsinore"]
[Date "2014.07.28"]
[Round "9"]
[White "Nordin, Eric"]
[Black "Christensen, Casper"]
[Result "1-0"]
[WhiteElo "1852"]
[BlackElo "2004"]
[PlyCount "71"]
[EventDate "2014.07.21"]
[EventType "swiss"]
[EventRounds "10"]
[EventCountry "DEN"]
[Source "ChessBase"]
[SourceDate "2014.08.29"]

1. e4 d6 2. d4 Nf6 3. Nc3 g6 4. Be3 Bg7 5. Qd2 O-O 6. Bh6 e5 7. d5 Nbd7 8. h4
Nc5 9. f3 Nh5 10. Nge2 f5 11. exf5 gxf5 12. g4 fxg4 13. Bg5 Qe8 14. fxg4 Bxg4
15. O-O-O Qd7 16. Bg2 Rf2 17. Rhg1 Ng3 18. Rde1 Na4 19. Qe3 Nxe2+ 20. Rxe2 Rxe2
21. Nxe2 h5 22. Bf3 e4 23. Bxg4 Bxb2+ 24. Kb1 hxg4 25. c4 Re8 26. Bh6 Bf6 27.
Qf4 Qe7 28. Rxg4+ Kh8 29. Rg6 Be5 30. Qg4 Qh7 31. Nf4 Nc5 32. Bg5 Rg8 33. h5 e3
34. Qf5 Rxg6 35. Nxg6+ Kg8 36. Qf8# 1-0

[Event "36. Copenhagen Open (Politiken Cup)"]
[Site "Elsinore"]
[Date "2014.07.28"]
[Round "9"]
[White "Ochsner, Bjorn Moller"]
[Black "Semcesen, Daniel"]
[Result "0-1"]
[WhiteElo "2318"]
[BlackElo "2471"]
[PlyCount "158"]
[EventDate "2014.07.21"]
[EventType "swiss"]
[EventRounds "10"]
[EventCountry "DEN"]
[Source "ChessBase"]
[SourceDate "2014.08.29"]

1. d4 f5 2. Bg5 h6 3. Bh4 g5 4. e4 Nf6 5. e5 e6 6. exf6 Qxf6 7. Bg3 f4 8. Qh5+
Kd8 9. Nc3 d5 10. Nf3 Bd6 11. h4 g4 12. Ne5 fxg3 13. Nf7+ Ke7 14. Nxh8 gxf2+
15. Kd2 Qxd4+ 16. Bd3 Qxh8 17. Qxg4 Nc6 18. Raf1 Bd7 19. Rxf2 Rg8 20. Qh5 Kd8
21. Kc1 Ne5 22. Qe2 Bc5 23. Rff1 h5 24. Kb1 a6 25. Rh3 Kc8 26. Re1 Bd4 27. Nd1
Nxd3 28. Rxd3 Bf6 29. Qf2 Kb8 30. Rg3 Re8 31. Rg6 Rf8 32. Rf1 Be7 33. Qe1 Rxf1
34. Qxf1 Qh7 35. Rg3 e5 36. Rf3 Be6 37. g3 Qg6 38. Qe1 e4 39. Rf1 Bd6 40. Rg1
Bc5 41. Rg2 Bg4 42. b4 Bb6 43. Ne3 Bf3 44. Nxd5 Bxg2 45. Nf4 Qg4 46. Nxg2 Qf3
47. Nf4 Bf2 48. Qd2 Bxg3 49. Qd8+ Ka7 50. Qd4+ b6 51. Nd5 Bf2 52. Qc4 Qd1+ 53.
Kb2 Qd4+ 54. Kb3 Qxc4+ 55. Kxc4 b5+ 56. Kc3 Bxh4 57. Kd4 c6 58. Nf4 Bf2+ 59.
Kxe4 h4 60. Kf3 Bg3 61. Nd3 Kb6 62. Kg4 a5 63. bxa5+ Kxa5 64. a3 Ka4 65. Nb4 c5
66. Nd3 c4 67. Nb4 Be1 68. Nc6 Kxa3 69. Nd4 b4 70. Nf3 b3 71. cxb3 cxb3 72. Ne5
Ka4 73. Nd3 Kb5 74. Nb2 Bc3 75. Nd1 Bd4 76. Kxh4 Kc4 77. Kg4 Kd3 78. Kf3 Kd2
79. Ke4 Kxd1 0-1

[Event "36. Copenhagen Open (Politiken Cup)"]
[Site "Elsinore"]
[Date "2014.07.28"]
[Round "9"]
[White "Olofsson Dolk, Mattis"]
[Black "Bjornsson, Eirikur K"]
[Result "1-0"]
[WhiteElo "2143"]
[BlackElo "1939"]
[PlyCount "77"]
[EventDate "2014.07.21"]
[EventType "swiss"]
[EventRounds "10"]
[EventCountry "DEN"]
[Source "ChessBase"]
[SourceDate "2014.08.29"]

1. e4 c5 2. Nf3 g6 3. d4 cxd4 4. Nxd4 Nc6 5. Nc3 Bg7 6. Be3 Nf6 7. Bc4 O-O 8.
Bb3 e6 9. f4 d6 10. Qf3 e5 11. Nxc6 bxc6 12. fxe5 Ng4 13. exd6 Qxd6 14. Rd1 Qe7
15. O-O Nxe3 16. Qxe3 Be6 17. Rd3 Be5 18. Bxe6 Qxe6 19. b3 Rfe8 20. Na4 Qe7 21.
Rfd1 Rad8 22. h3 Bc7 23. g3 f5 24. Rxd8 Rxd8 25. Rxd8+ Bxd8 26. Kg2 Qe5 27. Qd3
Bc7 28. exf5 gxf5 29. Qc4+ Kg7 30. Qc3 Kf6 31. Qxc6+ Bd6 32. Qc3 Ke6 33. Qxe5+
Kxe5 34. Nc3 Bb4 35. Nb5 a6 36. Nc7 Kd4 37. Nxa6 Bd6 38. c4 Kc3 39. c5 1-0

[Event "36. Copenhagen Open (Politiken Cup)"]
[Site "Elsinore"]
[Date "2014.07.28"]
[Round "9"]
[White "Olsarova, Tereza"]
[Black "Tari, Aryan"]
[Result "0-1"]
[WhiteElo "2251"]
[BlackElo "2412"]
[PlyCount "46"]
[EventDate "2014.07.21"]
[EventType "swiss"]
[EventRounds "10"]
[EventCountry "DEN"]
[Source "ChessBase"]
[SourceDate "2014.08.29"]

1. e4 c5 2. Nf3 e6 3. d4 cxd4 4. Nxd4 a6 5. Nc3 b5 6. Bd3 Qb6 7. Nb3 Qc7 8. Qe2
d6 9. a4 b4 10. Na2 Nc6 11. c3 bxc3 12. Nxc3 Nf6 13. O-O Be7 14. Be3 O-O 15.
Nd2 d5 16. Nf3 Rd8 17. exd5 exd5 18. Bg5 Ng4 19. g3 Bxg5 20. Nxg5 h6 21. Rfe1
Nge5 22. f4 Bg4 23. Qe3 Nxd3 0-1

[Event "36. Copenhagen Open (Politiken Cup)"]
[Site "Elsinore"]
[Date "2014.07.28"]
[Round "9"]
[White "Pallesen, Jacob"]
[Black "Riis, Jens"]
[Result "0-1"]
[WhiteElo "2031"]
[BlackElo "2172"]
[PlyCount "96"]
[EventDate "2014.07.21"]
[EventType "swiss"]
[EventRounds "10"]
[EventCountry "DEN"]
[Source "ChessBase"]
[SourceDate "2014.08.29"]

1. d4 Nf6 2. Nf3 c5 3. d5 d6 4. Nc3 e5 5. e4 Be7 6. Bb5+ Nbd7 7. a4 O-O 8. O-O
a6 9. Be2 Ne8 10. Nd2 g6 11. Nc4 Bg5 12. g3 f5 13. f4 Bf6 14. exf5 gxf5 15.
fxe5 Nxe5 16. Bf4 Ng6 17. Bd2 b6 18. Bd3 Rb8 19. a5 b5 20. Nb6 Bd4+ 21. Kh1
Rxb6 22. axb6 Qxb6 23. Qh5 Ng7 24. Qg5 c4 25. Be2 Bb7 26. Bf3 Qc5 27. Rae1 b4
28. Ne2 Bf6 29. Qh6 Bxd5 30. Bxd5+ Qxd5+ 31. Kg1 a5 32. c3 b3 33. Bf4 Ne5 34.
Bxe5 dxe5 35. Rd1 Qc5+ 36. Kg2 Qc6+ 37. Kh3 Qe4 38. Ng1 Ne6 39. Nf3 Qc6 40. Qe3
f4 41. Qa7 e4 42. Nd4 Bxd4 43. cxd4 Ng5+ 44. Kg4 Qe6+ 45. Kxg5 Rf5+ 46. Kg4
Rf7+ 47. Kh4 Qh6+ 48. Kg4 Rxa7 0-1

[Event "36. Copenhagen Open (Politiken Cup)"]
[Site "Elsinore"]
[Date "2014.07.28"]
[Round "9"]
[White "Pedersen, Carl Aage"]
[Black "Sorensen, Bernhard W"]
[Result "1/2-1/2"]
[WhiteElo "1769"]
[BlackElo "1628"]
[PlyCount "38"]
[EventDate "2014.07.21"]
[EventType "swiss"]
[EventRounds "10"]
[EventCountry "DEN"]
[Source "ChessBase"]
[SourceDate "2014.08.29"]

1. d4 e6 2. g3 d5 3. Bg2 Bd6 4. e3 f5 5. Nf3 Nf6 6. c4 c6 7. b3 Qe7 8. O-O Nbd7
9. Nc3 O-O 10. Bb2 Ne4 11. cxd5 exd5 12. Rc1 Ndf6 13. Ne1 Bd7 14. Nd3 g5 15.
Re1 g4 16. Ne2 Ng5 17. Nef4 Nfe4 18. Qe2 Be8 19. Ne5 Bxe5 1/2-1/2

[Event "36. Copenhagen Open (Politiken Cup)"]
[Site "Elsinore"]
[Date "2014.07.28"]
[Round "9"]
[White "Percivaldi, Martin"]
[Black "Moe, Mogens"]
[Result "1/2-1/2"]
[WhiteElo "2170"]
[BlackElo "2274"]
[PlyCount "92"]
[EventDate "2014.07.21"]
[EventType "swiss"]
[EventRounds "10"]
[EventCountry "DEN"]
[Source "ChessBase"]
[SourceDate "2014.08.29"]

1. d4 Nf6 2. c4 g6 3. g3 Bg7 4. Bg2 d5 5. cxd5 Nxd5 6. Nf3 O-O 7. O-O c5 8. e4
Nf6 9. e5 Nd5 10. dxc5 Nb4 11. Qb3 N8c6 12. Nc3 Bf5 13. Rd1 Qa5 14. Qc4 Rfd8
15. Bd2 Nd3 16. Nd5 Qxc5 17. Qxc5 Nxc5 18. Bc3 Be4 19. Nb4 Bxf3 20. Bxf3 Nxe5
21. Bg2 e6 22. Rxd8+ Rxd8 23. Rc1 Ned7 24. Bxg7 Kxg7 25. Rd1 Kf8 26. Nc2 a5 27.
a3 a4 28. Rd4 Ke7 29. Rb4 b6 30. Bc6 Rc8 31. Nd4 e5 32. Bxd7 Nxd7 33. Ne2 Rc2
34. Nc3 Nc5 35. Rxb6 Nd3 36. Nxa4 Nxf2 37. Nc3 Nh3+ 38. Kf1 f5 39. a4 f4 40.
gxf4 exf4 41. Rb7+ Ke6 42. Rxh7 Ng5 43. Rh4 Ke5 44. Rg4 Kf5 45. Rg2 Rc1+ 46.
Kf2 Rc2+ 1/2-1/2

[Event "36. Copenhagen Open (Politiken Cup)"]
[Site "Elsinore"]
[Date "2014.07.28"]
[Round "9"]
[White "Petersen, Jan"]
[Black "Akkanen, Timo"]
[Result "1/2-1/2"]
[WhiteElo "1638"]
[BlackElo "1771"]
[PlyCount "77"]
[EventDate "2014.07.21"]
[EventType "swiss"]
[EventRounds "10"]
[EventCountry "DEN"]
[Source "ChessBase"]
[SourceDate "2014.08.29"]

1. d4 d6 2. c4 Nf6 3. Nc3 g6 4. b3 Bg7 5. Bb2 Bf5 6. e3 c6 7. Bd3 Qa5 8. Nge2
Na6 9. a3 Bxd3 10. Qxd3 Qg5 11. O-O O-O 12. e4 Rad8 13. Bc1 Qg4 14. f3 Qh5 15.
b4 e5 16. d5 cxd5 17. Nxd5 Nxd5 18. Qxd5 Rd7 19. Be3 b6 20. Qb5 Nb8 21. Rfd1
Rfd8 22. Rd3 f5 23. Ng3 Qh4 24. Qd5+ Kh8 25. Bf2 Qe7 26. Rad1 f4 27. Ne2 Na6
28. g3 Nc7 29. Qc6 Ne6 30. c5 bxc5 31. bxc5 fxg3 32. hxg3 Bf8 33. cxd6 Rxd6 34.
Rxd6 Rxd6 35. Rxd6 Qxd6 36. Qxd6 Bxd6 37. Bxa7 Bxa3 38. Bb8 Bb2 39. f4 1/2-1/2

[Event "36. Copenhagen Open (Politiken Cup)"]
[Site "Elsinore"]
[Date "2014.07.28"]
[Round "9"]
[White "Petersen, Peter Birk"]
[Black "Nordenbaek, Jan"]
[Result "0-1"]
[WhiteElo "2126"]
[BlackElo "2228"]
[PlyCount "64"]
[EventDate "2014.07.21"]
[EventType "swiss"]
[EventRounds "10"]
[EventCountry "DEN"]
[Source "ChessBase"]
[SourceDate "2014.08.29"]

1. e4 c5 2. Nf3 Nc6 3. d4 cxd4 4. Nxd4 Nf6 5. Nc3 e5 6. Ndb5 d6 7. Bg5 a6 8.
Na3 b5 9. Nd5 Be7 10. Nxe7 Nxe7 11. Bxf6 gxf6 12. c4 f5 13. Bd3 Bb7 14. exf5 e4
15. Bxe4 Bxe4 16. Qd4 Qa5+ 17. Ke2 O-O 18. Qxe4 Rae8 19. Kf1 Qb4 20. Qg4+ Kh8
21. Qd4+ f6 22. g4 bxc4 23. Kg2 Qb7+ 24. f3 Nc6 25. Qf2 Ne5 26. Kg3 Nd3 27. Qd4
d5 28. Rhf1 Re2 29. b3 Qb4 30. Nb1 Qd6+ 31. f4 Re4 32. Qc3 Rxf4 0-1

[Event "36. Copenhagen Open (Politiken Cup)"]
[Site "Elsinore"]
[Date "2014.07.28"]
[Round "9"]
[White "Plata Fernandez, Diego"]
[Black "Hviid, Hans Henrik"]
[Result "1-0"]
[WhiteElo "1745"]
[BlackElo "1540"]
[PlyCount "93"]
[EventDate "2014.07.21"]
[EventType "swiss"]
[EventRounds "10"]
[EventCountry "DEN"]
[Source "ChessBase"]
[SourceDate "2014.08.29"]

1. c4 c5 2. Nc3 g6 3. e3 Bg7 4. d4 cxd4 5. exd4 Qb6 6. Nf3 Nc6 7. Na4 Qd8 8.
Bf4 d6 9. Qd2 e6 10. Nc3 Nge7 11. d5 exd5 12. Nxd5 Nxd5 13. cxd5 Ne5 14. Bb5+
Bd7 15. Bxd7+ Qxd7 16. Nxe5 dxe5 17. Be3 O-O 18. O-O Rfd8 19. Rfd1 a6 20. Bb6
Re8 21. d6 Re6 22. Rac1 h5 23. Qd5 Bf8 24. Rc7 Qxd6 25. Qf3 Rf6 26. Rxd6 Rxf3
27. Rdd7 Rf6 28. Rxb7 Rc8 29. g3 Rc1+ 30. Kg2 Rc2 31. Be3 Bc5 32. Bxc5 Rxc5 33.
Rd8+ Kg7 34. Rbd7 Rc2 35. Rd2 Rxd2 36. Rxd2 e4 37. Rd1 Re6 38. Rd4 f5 39. Rc4
e3 40. fxe3 Rxe3 41. Kf2 Re6 42. b4 Rd6 43. Ke3 Rf6 44. h4 Re6+ 45. Kd3 Rd6+
46. Rd4 Rxd4+ 47. Kxd4 1-0

[Event "36. Copenhagen Open (Politiken Cup)"]
[Site "Elsinore"]
[Date "2014.07.28"]
[Round "9"]
[White "Poulsen, Iver"]
[Black "Kristensen, Bjarke Hautop"]
[Result "1-0"]
[WhiteElo "2092"]
[BlackElo "1952"]
[PlyCount "105"]
[EventDate "2014.07.21"]
[EventType "swiss"]
[EventRounds "10"]
[EventCountry "DEN"]
[Source "ChessBase"]
[SourceDate "2014.08.29"]

1. e4 c5 2. Nc3 Nc6 3. Nf3 g6 4. d4 cxd4 5. Nxd4 Bg7 6. Be3 Nf6 7. Bc4 O-O 8.
Bb3 a5 9. f3 d5 10. Bxd5 Nxd5 11. Nxd5 e6 12. Nxc6 bxc6 13. Nb6 Rb8 14. Qxd8
Rxd8 15. Rb1 Ba6 16. Na4 Rb4 17. b3 f5 18. a3 Rbb8 19. Nc5 Bc8 20. Ke2 e5 21.
h3 f4 22. Bf2 Bf8 23. Rhd1 Rxd1 24. Rxd1 Kf7 25. Nd7 Bxd7 26. Rxd7+ Ke6 27.
Rxh7 Bxa3 28. Rg7 a4 29. bxa4 Ra8 30. Rxg6+ Kd7 31. a5 Rxa5 32. Rg7+ Kd6 33.
Ra7 Bb4 34. Rxa5 Bxa5 35. Kd3 Bd8 36. Kc4 Bc7 37. Bh4 Bb6 38. Kd3 Bc7 39. Kc4
Bb6 40. Bg5 Ke6 41. h4 Kf7 42. h5 Kg7 43. Be7 Kh6 44. Bd6 Kxh5 45. Bxe5 Be3 46.
Bd4 Bd2 47. Kd3 Bb4 48. Bf2 Kg5 49. g3 Bd6 50. gxf4+ Kxf4 51. Ke2 Be7 52. Be3+
Ke5 53. Kd3 1-0

[Event "36. Copenhagen Open (Politiken Cup)"]
[Site "Elsinore"]
[Date "2014.07.28"]
[Round "9"]
[White "Preuss, Flemming"]
[Black "Aabling Thomsen, Jakob"]
[Result "0-1"]
[WhiteElo "2015"]
[BlackElo "2333"]
[PlyCount "46"]
[EventDate "2014.07.21"]
[EventType "swiss"]
[EventRounds "10"]
[EventCountry "DEN"]
[Source "ChessBase"]
[SourceDate "2014.08.29"]

1. Nf3 Nc6 2. d4 d5 3. Bf4 Bg4 4. e3 Qd7 5. Nbd2 f6 6. h3 Bh5 7. Be2 O-O-O 8.
c3 Re8 9. Qa4 e6 10. O-O-O Bg6 11. Rhe1 Kb8 12. b4 e5 13. Bg3 Bd6 14. Kb2 e4
15. Bxd6 exf3 16. Bxc7+ Qxc7 17. gxf3 Nge7 18. Nb3 Nc8 19. Nc5 Nb6 20. Qb3 Qh2
21. Rf1 Rxe3 22. Bb5 Rxf3 23. Rd2 Qf4 0-1

[Event "36. Copenhagen Open (Politiken Cup)"]
[Site "Elsinore"]
[Date "2014.07.28"]
[Round "9"]
[White "Quiroga, Walter Gonzalo"]
[Black "Alfven, Jorgen"]
[Result "0-1"]
[WhiteElo "1553"]
[BlackElo "1883"]
[PlyCount "114"]
[EventDate "2014.07.21"]
[EventType "swiss"]
[EventRounds "10"]
[EventCountry "DEN"]
[Source "ChessBase"]
[SourceDate "2014.08.29"]

1. d4 d5 2. c4 c6 3. Nf3 Nf6 4. Nc3 e6 5. e3 Nbd7 6. Bd3 dxc4 7. Bxc4 b5 8. Bd3
Bb7 9. O-O a6 10. e4 c5 11. e5 cxd4 12. Nxb5 Bxf3 13. Qxf3 Nd5 14. Nxd4 Nxe5
15. Qg3 Nxd3 16. Qxd3 Bc5 17. Nb3 Bd6 18. Bd2 O-O 19. Rac1 Qh4 20. g3 Qa4 21.
Ra1 Rfd8 22. Qd4 Qb5 23. Rfe1 Nb4 24. Bc3 e5 25. Qe4 Nc6 26. Qe2 Qb6 27. Nd2
Re8 28. Nc4 Qc5 29. Nxd6 Qxd6 30. Rad1 Qe6 31. a3 h6 32. Qh5 f5 33. Re3 Kh7 34.
Rde1 g6 35. Qe2 e4 36. f3 Ne5 37. fxe4 Ng4 38. exf5 Qxe3+ 39. Qxe3 Nxe3 40.
fxg6+ Kxg6 41. Bd4 Nc2 42. Rxe8 Rxe8 43. Bc3 Ne3 44. Bd2 Nc4 45. Bc3 Re2 46. h3
Nxb2 47. Kf1 Rc2 48. Be5 Nc4 49. Bd4 Nxa3 50. g4 Rh2 51. Bc5 Nc4 52. g5 h5 53.
Kg1 Rxh3 54. Kg2 Rd3 55. Be7 a5 56. Kf2 a4 57. Ke2 Rd5 0-1

[Event "36. Copenhagen Open (Politiken Cup)"]
[Site "Elsinore"]
[Date "2014.07.28"]
[Round "9"]
[White "Ramirez, Alejandro"]
[Black "Haug, Johannes"]
[Result "1-0"]
[WhiteElo "2580"]
[BlackElo "2136"]
[PlyCount "41"]
[EventDate "2014.07.21"]
[EventType "swiss"]
[EventRounds "10"]
[EventCountry "DEN"]
[Source "ChessBase"]
[SourceDate "2014.08.29"]

1. Nf3 Nf6 2. c4 g6 3. Nc3 d5 4. cxd5 Nxd5 5. h4 Bg7 6. h5 O-O 7. hxg6 hxg6 8.
Qa4 Nf6 9. Qh4 Qd7 10. d4 Qg4 11. Nd5 Rd8 12. Nxe7+ Kf8 13. Nxc8 Qxh4 14. Rxh4
Rxc8 15. Bd2 Nbd7 16. Rc1 Kg8 17. b4 c6 18. e3 a6 19. Bc4 Bf8 20. Ng5 Nd5 21.
e4 1-0

[Event "36. Copenhagen Open (Politiken Cup)"]
[Site "Elsinore"]
[Date "2014.07.28"]
[Round "9"]
[White "Rasmussen, Lars"]
[Black "Mortensen, Jan T"]
[Result "0-1"]
[WhiteElo "1984"]
[BlackElo "2083"]
[PlyCount "104"]
[EventDate "2014.07.21"]
[EventType "swiss"]
[EventRounds "10"]
[EventCountry "DEN"]
[Source "ChessBase"]
[SourceDate "2014.08.29"]

1. e4 e6 2. d4 d5 3. Nd2 h6 4. Bd3 c5 5. exd5 Qxd5 6. Ngf3 cxd4 7. Be4 Qd6 8.
O-O Nf6 9. Nc4 Qc5 10. Bd3 Nc6 11. Re1 Bd7 12. Bf4 Be7 13. Nce5 Rd8 14. Nxc6
Bxc6 15. Rb1 O-O 16. b4 Bxf3 17. Qxf3 Qd5 18. Qe2 Bd6 19. Bc4 Qh5 20. Qxh5 Nxh5
21. Bxd6 Rxd6 22. Re5 Nf6 23. f4 Ng4 24. Re2 Ne3 25. Bd3 Nd5 26. Re5 Nxf4 27.
Bc4 Rc8 28. Bb3 Kf8 29. g3 Ng6 30. Re4 e5 31. Rf1 Rf6 32. Rd1 Rb6 33. a3 f5 34.
Ree1 Rd6 35. Rf1 f4 36. gxf4 Nxf4 37. Rde1 Re8 38. Bc4 Re7 39. Bd3 Ke8 40. Bb5+
Kd8 41. Bc4 Rf6 42. Re4 Nh3+ 43. Kg2 Rxf1 44. Bxf1 Nf4+ 45. Kf3 Nd5 46. Bd3 Kc7
47. Re1 Kd6 48. Be4 Rf7+ 49. Kg3 Ne3 50. Bd3 Rc7 51. Re2 Rc3 52. a4 Nxc2 0-1

[Event "36. Copenhagen Open (Politiken Cup)"]
[Site "Elsinore"]
[Date "2014.07.28"]
[Round "9"]
[White "Rendlev, Niels Moller"]
[Black "Philipsen, William Horup"]
[Result "0-1"]
[WhiteElo "1790"]
[BlackElo "1951"]
[PlyCount "40"]
[EventDate "2014.07.21"]
[EventType "swiss"]
[EventRounds "10"]
[EventCountry "DEN"]
[Source "ChessBase"]
[SourceDate "2014.08.29"]

1. g3 e5 2. d3 d5 3. Bg2 f5 4. c4 c6 5. cxd5 cxd5 6. f4 e4 7. dxe4 fxe4 8. e3
Nf6 9. Nc3 Nc6 10. a3 Bc5 11. b4 Bb6 12. Nge2 Bg4 13. Qd2 O-O 14. h3 Bf3 15.
O-O d4 16. Qa2+ Kh8 17. exd4 Nxd4 18. Kh2 Rc8 19. Re1 Bxe2 20. Nxe2 Rc2 0-1